00561nam a2200121Ia 4500008004100000100005600041245015100097260002700248650002000275856005200295999001900347952007300366171212s9999 xx 000 0 und d aDamberg, Cheryl L.;Berry, Sandra H.;Schmidt, Nicole cDamberg, Cheryl L.;Berry, Sandra H.;Schmidt, NicoleaExploring the Addition of Physician Identifiers to the California Hospital Discharge Data Set bRAND Corporationc2013 aHealth Sciences uhttp://www.jstor.org/stable/10.7249/j.ctt5hht5q c352064d352064 001040aCLbCLd2017-12-12l0r2017-12-12 00:00:00w2017-12-12yCBE